| 000 | 02146nam a2200613 i 4500 | ||
|---|---|---|---|
| 001 | 991053120151205066 | ||
| 003 | NyNyJPI | ||
| 005 | 20260408160602.0 | ||
| 008 | 240904s2024 pl abh |001 0 pol c | ||
| 009 | b1000005755255 | ||
| 015 | _aUWD 2024/28765 | ||
| 020 |
_a9788308084700 _q(oprawa twarda) : _czł 89,90 |
||
| 035 | _a(PL)b1000005755255 | ||
| 035 | _a(EXLNZ-48OMNIS_NETWORK)9914281829505606 | ||
| 040 |
_aSZCZ M _cSZCZ M _dSZCZ M _dMBPWR _dWA N _dWR M _dKR U _dKOSZ W _dGD U _dKIEL W _dWR 16 _dKR 295 _dZDU_1 _dŁ M _dELBLAG M _dLUBL KUL |
||
| 045 | 2 |
_bd1939 _bd1945 |
|
| 046 | _k2024 | ||
| 080 | _a94(438).082 | ||
| 084 | _a02 | ||
| 100 | 1 |
_aChwalba, Andrzej _d(1949- ) _eAutor |
|
| 245 | 1 | 0 |
_aPolska krwawi Polska walczy : _bjak żyło się pod okupacją 1939-1945 / _cAndrzej Chwalba. |
| 246 | 3 | 0 | _aJak żyło się pod okupacją 1939-1945 |
| 250 | _aWydanie pierwsze. | ||
| 260 |
_aKraków : _bWydawnictwo Literackie, _c2024. |
||
| 300 |
_a538, [6] stron : _bfaksymilia, fotografie, mapy ; _c25 cm. |
||
| 336 |
_aTekst _btxt _2rdacontent |
||
| 337 |
_aBez urządzenia pośredniczącego _bn _2rdamedia |
||
| 338 |
_aWolumin _bnc _2rdacarrier |
||
| 380 | _aKsiążki | ||
| 380 | _aPublikacje popularnonaukowe | ||
| 388 | 1 | _a2001- | |
| 504 | _aBibliografia na stronach 515-524. Indeks. | ||
| 648 | 7 |
_a1901-2000 _2DBN |
|
| 648 | 7 |
_a1939-1945 _2DBN |
|
| 650 | 7 |
_aLudobójstwo niemieckie (1939-1945) _2DBN |
|
| 650 | 7 |
_aOkupacja litewska Wileńszczyzny (1939-1940) _2DBN |
|
| 650 | 7 |
_aOkupacja niemiecka Polski (1939-1945) _2DBN |
|
| 650 | 7 |
_aOkupacja słowacka Spiszu i Orawy (Polska ; 1939-1945) _2DBN |
|
| 650 | 7 |
_aOkupacja sowiecka Polski (1939-1941) _2DBN |
|
| 650 | 7 |
_aPolacy _2DBN |
|
| 650 | 7 |
_aŻycie codzienne _2DBN |
|
| 650 | 7 |
_aŻydzi _2DBN |
|
| 650 | 0 |
_aWorld War, 1939-1945 _zPoland |
|
| 651 | 7 |
_aLitwa _2DBN |
|
| 651 | 7 |
_aNiemcy _2DBN |
|
| 651 | 7 |
_aPolska _2DBN |
|
| 651 | 7 |
_aSłowacja _2DBN |
|
| 651 | 7 |
_aZSRR _2DBN |
|
| 651 | 0 |
_aPoland _xHistory _yOccupation, 1939-1945 |
|
| 655 | 7 |
_aOpracowanie _2DBN |
|
| 658 | _aHistoria | ||
| 710 | 2 |
_aWydawnictwo Literackie _eWydawca _4pbl |
|
| 942 |
_2z _cBK _n0 |
||
| 999 |
_c91080 _d91080 |
||